| Tag |
First Indicator |
Second Indicator |
Subfields |
| LEADER |
00000cam a2200000 i 4500 |
| 001 |
in00003477013 |
| 005 |
20151206104205.0 |
| 008 |
140625s2014 nyu 000 1 eng |
| 010 |
|
|
|a 2014024644
|
| 020 |
|
|
|a 9780804178266 (hbk.)
|
| 020 |
|
|
|a 0804178267 (hbk.)
|
| 020 |
|
|
|z 9780804178280 (ebook)
|
| 035 |
|
|
|a (OCoLC)ocn863596331
|
| 040 |
|
|
|a DLC
|b eng
|e rda
|c DLC
|d IG#
|d YDXCP
|d BTCTA
|d BDX
|d DYJ
|d FN4
|d UPZ
|d JNE
|d ZHB
|d INR
|d ABG
|d UtOrBLW
|
| 043 |
|
|
|a n-us-nv
|
| 049 |
|
|
|a TXAM
|
| 050 |
0 |
0 |
|a PS3568.O196
|b H47 2014
|
| 082 |
0 |
0 |
|a 813/.54
|2 23
|
| 084 |
|
|
|a FIC027110
|a FIC027120
|a FIC030000
|2 bisacsh
|
| 100 |
1 |
|
|a Robards, Karen.
|
| 245 |
1 |
0 |
|a Her last whisper :
|b a novel /
|c Karen Robards.
|
| 250 |
|
|
|a First edition.
|
| 264 |
|
1 |
|a New York :
|b Ballantine Books,
|c [2014]
|
| 264 |
|
4 |
|c ©2014
|
| 300 |
|
|
|a 333 pages ;
|c 25 cm
|
| 336 |
|
|
|a text
|b txt
|2 rdacontent
|
| 337 |
|
|
|a unmediated
|b n
|2 rdamedia
|
| 338 |
|
|
|a volume
|b nc
|2 rdacarrier
|
| 520 |
|
|
|a "After a brush with death while chasing down a brutal murderer with the FBI, serial killer expert Dr. Charlotte Stone wants nothing more than to retire to her research on criminal psychology. But when a colleague, Special Agent Lena Kaminsky, suspects her missing sister has fallen prey to the vicious Cinderella Killer, Charlie rushes to her side. Along with Special Agents Tony Bartoli and Buzz Crane--and of course, Michael Garland, the ever-present, fatally sexy ghost who goes where she does--Charlie heads to Las Vegas to track down the predator before it's too late. The team doesn't realize that this killer targets single, beautiful women and courts them before brutally ending their lives. Now he's got his sights set on Charlie--and is closer than anyone suspects"--
|c Provided by publisher.
|
| 610 |
1 |
0 |
|a United States.
|b Federal Bureau of Investigation
|v Fiction.
|
| 650 |
|
0 |
|a Serial murder investigation
|v Fiction.
|
| 650 |
|
0 |
|a Women detectives
|v Fiction.
|
| 650 |
|
7 |
|a FICTION / Romance / Suspense.
|2 bisacsh
|
| 650 |
|
7 |
|a FICTION / Romance / Paranormal.
|2 bisacsh
|
| 650 |
|
7 |
|a FICTION / Suspense.
|2 bisacsh
|
| 655 |
|
7 |
|a Romantic suspense fiction.
|2 gsafd
|
| 655 |
|
0 |
|a Suspense fiction.
|
| 655 |
|
7 |
|a Ghost stories.
|2 lcgft
|
| 948 |
|
|
|a cataloged
|b h
|c 2014/9/24
|d c
|e ceaton
|f 8:17:03 am
|
| 994 |
|
|
|a C0
|b TXA
|
| 999 |
|
|
|a MARS
|
| 999 |
f |
f |
|s b2db2f47-5597-3c3f-ae30-abdc838c2bd3
|i 9a6eb32d-23ce-3462-b806-8e958d8c289b
|t 0
|
| 952 |
f |
f |
|p normal
|a Texas A&M University
|b College Station
|c Sterling C. Evans Library
|d Evans: Library Stacks
|t 0
|e PS3568.O196 H47 2014
|h Library of Congress classification
|i unmediated -- volume
|m A14842741754
|
| 998 |
f |
f |
|a PS3568.O196 H47 2014
|t 0
|l Evans: Library Stacks
|